00629cam a2200193Ia 4500020001500000040000800015082002600023100002100049245003800070246002100108260007500129300004300204490003500247650001700282650002600299650002500325650002500350710006000375 a9251049580 cCUS a333 FOO 2003 A030 Or.1 aMcHugh, Dennis J12aA guide to the seaweed industry /30aSeaweed industry aRome :bFood and Agriculture Organization of the United Nations,c2003 ax, 105 p. :bill. (some col.) ;c30 cm1 aFAO fisheries technical paper, 0aMarine algae 0aMarine algae industry 0aMarine algae as food 0aMarine algae culture2 aFood and Agriculture Organization of the United Nations